000 00531nam a2200193Ia 4500
005 20250326142046.0
008 250326s9999 xx 000 0 und d
020 _a0-07-014530-X
037 _aTextbook
040 _aFMSL
_beng
_cFMSL
041 _aeng
_2eng
084 _aX:8 M6
_qFMSL
100 _aCrosby P B
_9738015
245 0 _aQuality without tears: art of hassle free management
_cCrosby P B
260 _aNY
_bNY, McGraw-Hill
_c1986
300 _a218p
942 _cTB
_hX:8 M6
999 _c1293243
_d1293243